Tamila kī pratinidhi kahāniyām̐. (Record no. 82006)

MARC details
000 -LEADER
fixed length control field 00646cam a22002291 4500
001 - CONTROL NUMBER
control field sa 68007726
003 - CONTROL NUMBER IDENTIFIER
control field DLC
005 - DATE AND TIME OF LATEST TRANSACTION
control field 20260227112525.0
008 - FIXED-LENGTH DATA ELEMENTS--GENERAL INFORMATION
fixed length control field 890815s1965 ii a 000 1 hino
010 ## - LIBRARY OF CONGRESS CONTROL NUMBER
LC control number sa 68007726
035 ## - SYSTEM CONTROL NUMBER
System control number (OCoLC)20179423
040 ## - CATALOGING SOURCE
Original cataloging agency DLC
Transcribing agency WaU
Modifying agency DLC
041 1# - LANGUAGE CODE
Language code of text/sound track or separate title hin
Language code of original tam
050 00 - LIBRARY OF CONGRESS CALL NUMBER
Classification number PL4763.H5
Item number D3
110 2# - MAIN ENTRY--CORPORATE NAME
Corporate name or jurisdiction name as entry element Dakshiṇa Bhārata Hindī Pracāra Sabhā.
245 10 - TITLE STATEMENT
Title Tamila kī pratinidhi kahāniyām̐.
260 ## - PUBLICATION, DISTRIBUTION, ETC.
Date of publication, distribution, etc. [1965]
300 ## - PHYSICAL DESCRIPTION
Extent 177 p.
Other physical details illus.
Dimensions 19 cm.
440 #0 - SERIES STATEMENT/ADDED ENTRY--TITLE
Title Dakshiṇa Bhāratiya sāhitya-mālā,
Volume/sequential designation 2
500 ## - GENERAL NOTE
General note In Hindi.
650 #0 - SUBJECT ADDED ENTRY--TOPICAL TERM
Topical term or geographic name entry element Short stories, Tamil
General subdivision Translations into Hindi.

No items available.

Powered by Koha